| 000 | 00548nam a2200181 4500 | ||
|---|---|---|---|
| 001 | 11110 | ||
| 005 | 20230410143533.0 | ||
| 008 | 060907n1999 dr spa | ||
| 020 | _a2110044047 | ||
| 035 | _9funglode11196 | ||
| 041 | _aFR | ||
| 050 | 1 | 4 | _aT 15 N934 1999 |
| 245 | 0 |
_aNouvelles tecnologies, nouvel état / _csous la direction de Danielle Bahu - Leyser et Pascal Faure |
|
| 260 |
_aParis : _bLa Documentation Francaise, _c1999 |
||
| 300 | _a215 p. | ||
| 700 | _aBahu - Leyser, Danielle \ Faure, Pascal | ||
| 942 |
_2lcc _cbk |
||
| 999 |
_c103476 _d103476 |
||